000 01624nam a22003137a 4500
005 20240530110347.0
008 141210b xxu||||| |||| 000 0 ara d
017 _a6534
_bمصر . دار الكتب المصرية
040 _aEG-CaGPL
041 0 _aara
082 0 4 _221
_a020.05\
_bم إ
110 2 _aالمكتبة الاكاديمية
_eناشر
245 1 2 _aالاتجاهات الحديثة فى المكتبات و المعلومات :
_bكتاب دورى محكم يصدر مؤقتا مرتين فى السنة /
_cرئيس التحرير محمد فتحى عبدالهادى ؛ نائب رئيس التحرير اسامة السيد محمود ؛ سكرتير التحرير منى محمود عبدالهادى
_nالمجلد الثالث عشر ، العدد السادس والعشرون ( يوليو 2006 )
260 _aالقاهرة :
_bالمكتبة الاكاديمية ،
_c2006
300 _a292 ص ؛
_c26 سم
504 _aببليوجرافية : ص 263 292
650 0 4 _aالمكتبات
_xعلم
650 0 4 _aالخدمة المكتبية
650 0 4 _aشبكات المكتبات والمعلومات
650 0 4 _aالمكتبات
_xبرامج الحاسبات
650 0 4 _aالمعلومات
_xعلم
650 0 4 _aالمكتبات
_xفهارس
650 0 4 _aنظم المعلومات
700 0 _aمحمد فتحى عبدالهادى
_eرئيس التحرير
700 0 _aاسامة السيد محمود
_eمحرر مشارك
700 0 _aمنى محمود عبدالهادى
_eمحرر مشارك
942 _2ddc
_cBK
999 _c59999
_d59999